[Event "Edmonton-ch"]
[Site "Edmonton"]
[Date "2019.01.17"]
[Round "1.2"]
[White "Seehagen, Terry"]
[Black "Villavieja, Butch"]
[Result "0-1"]
[WhiteElo "1787"]
[BlackElo "2166"]
[PlyCount "46"]
[EventDate "2019.01.10"]
[EventType "swiss"]
[EventRounds "4"]
[EventCountry "CAN"]
[SourceTitle "EXT 2022"]
[Source "ChessBase"]
[SourceDate "2021.10.06"]
[SourceVersion "1"]
[SourceVersionDate "2021.10.06"]
[SourceQuality "1"]

1. e4 c5 2. d4 cxd4 3. c3 d3 4. Bxd3 d6 5. f4 Nc6 6. Be3 Nf6 7. h3 g6 8. Nf3 Bh6 9. g4 Bg7 10. Nbd2 0-0 11. Nb3 e5 12. f5 d5 13. Bg5 dxe4 14. Bxf6 Qxf6 15. Bxe4 gxf5 16. gxf5 Bxf5 17. Qc2 Bg6 18. Nbd2 Qf4 19. Rg1 Qe3+ 20. Kf1 f5 21. Bd5+ Kh8 22. Nh4 Qxh3+ 23. Ng2 Rad8 0-1

[Event "Edmonton-ch"]
[Site "Edmonton"]
[Date "2019.01.10"]
[Round "1.1"]
[White "Villavieja, Butch"]
[Black "Seehagen, Terry"]
[Result "1-0"]
[WhiteElo "2166"]
[BlackElo "1787"]
[PlyCount "63"]
[EventDate "2019.01.10"]
[EventType "swiss"]
[EventRounds "4"]
[EventCountry "CAN"]
[SourceTitle "EXT 2022"]
[Source "ChessBase"]
[SourceDate "2021.10.06"]
[SourceVersion "1"]
[SourceVersionDate "2021.10.06"]
[SourceQuality "1"]

1. e4 d5 2. exd5 Nf6 3. d4 Bg4 4. Qd3 Nbd7 5. c4 g6 6. Be2 Bf5 7. Qb3 Rb8 8. Nf3 Bg7 9. Nc3 0-0 10. h3 Nb6 11. Bf4 a5 12. 0-0 Ra8 13. Nb5 a4 14. Qb4 Rc8 15. Nxc7 Nfd7 16. d6 exd6 17. Qxd6 Bf6 18. Nd5 Nxd5 19. Qxd5 Re8 20. Rfe1 Be4 21. Qb5 Bc6 22. Qb4 Re4 23. Be3 Nb6 24. Bd3 Re8 25. d5 Nxd5 26. cxd5 Qxd5 27. Be2 Re4 28. Qd2 Qe6 29. Ng5 Bxg5 30. Bxg5 Re8 31. Be3 f5 32. Bf3 1-0

[Event "Edmonton WBX tt"]
[Site "Edmonton"]
[Date "2016.12.17"]
[Round "3"]
[White "MacKinnon, Keith"]
[Black "Seehagen, Terry"]
[Result "1-0"]
[WhiteElo "2178"]
[BlackElo "1529"]
[PlyCount "83"]
[EventDate "2016.12.17"]
[EventType "team-swiss"]
[EventRounds "5"]
[EventCountry "CAN"]
[SourceTitle "EXT 2019"]
[Source "ChessBase"]
[SourceDate "2018.10.10"]
[SourceVersion "1"]
[SourceVersionDate "2018.10.10"]
[SourceQuality "1"]

1. e4 d5 2. exd5 Nf6 3. d4 c6 4. Nf3 cxd5 5. Bd3 Nc6 6. c3 Qc7 7. 0-0 Bg4 8. Re1 e6 9. Bg5 Be7 10. Nbd2 h6 11. Bh4 0-0 12. Qc2 Rac8 13. a3 Nh5 14. Bxe7 Qxe7 15. h3 Bxf3 16. Nxf3 Nf4 17. Bf1 Qf6 18. Qd1 Rfe8 19. g3 Ng6 20. Bg2 Na5 21. Qa4 Nc6 22. Rad1 Nge7 23. Ne5 a6 24. Nd7 Qg5 25. Nc5 Rb8 26. h4 Qf5 27. Rd2 Red8 28. Kh2 Qh5 29. Kg1 Qg4 30. Rde2 Qf5 31. Qb3 Qg4 32. a4 Qf5 33. Qa3 a5 34. Re3 b6 35. Nd3 b5 36. axb5 Rxb5 37. Kh2 Ra8 38. Bh3 Qf6 39. R1e2 a4 40. Ne5 Rb3 41. Qc5 Ra6 42. Rf3 1-0

[Event "Edmonton WBX tt"]
[Site "Edmonton"]
[Date "2015.12.12"]
[Round "2"]
[White "Kadavil, Suresh"]
[Black "Seehagen, Terry"]
[Result "1-0"]
[WhiteElo "1557"]
[BlackElo "1619"]
[PlyCount "87"]
[EventDate "2015.12.12"]
[EventType "team-tourn"]
[EventRounds "5"]
[EventCountry "CAN"]
[SourceTitle "EXT 2017"]
[Source "ChessBase"]
[SourceDate "2016.10.25"]
[SourceVersion "1"]
[SourceVersionDate "2016.10.25"]
[SourceQuality "1"]

1. b3 e5 2. Bb2 Nc6 3. e3 d5 4. Nf3 e4 5. Ne5 Qd6 6. Bb5 a6 7. Bxc6+ bxc6 8. f4 Qh6 9. Qe2 Ne7 10. d3 f6 11. Ng4 Qh4+ 12. Nf2 f5 13. Nd2 a5 14. a4 Ng8 15. 0-0-0 Ba6 16. g3 Qd8 17. g4 Nf6 18. gxf5 Bc5 19. h3 Qe7 20. Nf1 Ba3 21. Ng4 Nxg4 22. hxg4 0-0-0 23. Qe1 Qc5 24. d4 Qb4 25. Qxb4 Bxb4 26. c3 Be7 27. Ng3 h6 28. Rh2 c5 29. Rdh1 cxd4 30. cxd4 Rd6 31. Kb1 Bd3+ 32. Ka2 Rc6 33. g5 Kd7 34. f6 gxf6 35. Rxh6 Rg8 36. g6 Bf8 37. Rh7+ Kd8 38. f5 Rc2 39. Nh5 Bb4 40. Nxf6 Bc3 41. R1h2 Be2 42. Nxd5 Bxb2 43. Kb1 Rd2 44. Nf4 1-0

[Event "Alberta-ch Seniors"]
[Site "Edmonton"]
[Date "2015.04.26"]
[Round "4"]
[White "Relling, Leonard"]
[Black "Seehagen, Terry"]
[Result "0-1"]
[WhiteElo "1309"]
[BlackElo "1726"]
[PlyCount "52"]
[EventDate "2015.04.25"]
[EventType "swiss"]
[EventRounds "5"]
[EventCountry "CAN"]
[SourceTitle "EXT 2017"]
[Source "ChessBase"]
[SourceDate "2016.10.25"]
[SourceVersion "1"]
[SourceVersionDate "2016.10.25"]
[SourceQuality "1"]

1. e4 d5 2. exd5 Nf6 3. Nc3 Nxd5 4. Bb5+ c6 5. Bc4 e5 6. Ne4 Bf5 7. Ng3 Bg6 8. d4 e4 9. f4 Qh4 10. N1e2 Bd6 11. 0-0 f5 12. Nc3 Nxf4 13. Bxf4 Bxf4 14. Nce2 Be3+ 15. Kh1 f4 16. Nxf4 Bxf4 17. Qe1 Nd7 18. d5 Ne5 19. Bb3 Ng4 20. h3 Bxg3 21. Qe2 Nf6 22. dxc6 0-0-0 23. Be6+ Kc7 24. cxb7 Kb8 25. Rad1 Bc7 26. Qb5 Qg3 0-1

[Event "WBX-Tch"]
[Site "Edmonton"]
[Date "2014.12.13"]
[Round "2.3"]
[White "Seehagen, Terry"]
[Black "Wang, Kaixin"]
[Result "0-1"]
[WhiteElo "1836"]
[BlackElo "1814"]
[PlyCount "118"]
[EventDate "2014.12.13"]
[EventType "swiss"]
[EventRounds "5"]
[EventCountry "CAN"]
[SourceTitle "EXT 2022"]
[Source "ChessBase"]
[SourceDate "2021.10.06"]
[SourceVersion "1"]
[SourceVersionDate "2021.10.06"]
[SourceQuality "1"]

1. e4 c6 2. d4 d5 3. Nc3 dxe4 4. Nxe4 Nf6 5. f3 g6 6. Bc4 Bg7 7. c3 0-0 8. Ne2 Bf5 9. N2g3 Bxe4 10. fxe4 Nbd7 11. 0-0 b5 12. Bb3 e5 13. Bg5 Qc7 14. Qf3 h6 15. Be3 Kh7 16. Qe2 Rae8 17. d5 a6 18. c4 cxd5 19. cxd5 Qd6 20. a4 b4 21. Rac1 Rc8 22. Bc4 a5 23. Ba6 Rxc1 24. Rxc1 Qb8 25. Rc6 Ne8 26. Qf2 Nc7 27. Nf5 Nxa6 28. Rxa6 Qd8 29. Nd6 Nb8 30. Rb6 Qc7 31. Nb5 Qc4 32. Nd6 Qa2 33. h3 Qxa4 34. Rb7 Nd7 35. b3 Qa1+ 36. Kh2 Nf6 37. Bc5 Qc1 38. Ra7 Qa3 39. Qf3 Qc1 40. Nc4 Rc8 41. Bd6 Re8 42. Rxf7 Qf4+ 43. Qxf4 exf4 44. e5 Nxd5 45. Nxa5 Kg8 46. Rb7 Bxe5 47. Bxe5 Rxe5 48. Rb5 Rf5 49. Nc6 Kg7 50. Nxb4 Ne3 51. Rb6 Rg5 52. Re6 Rxg2+ 53. Kh1 Rb2 54. Nd3 Rb1+ 55. Kh2 g5 56. Rb6 Nf1+ 57. Kg2 Nd2 58. b4 Rb3 59. Nf2 Rg3+ 0-1

[Event "Alberta-ch Reserves"]
[Site "Edmonton"]
[Date "2012.04.08"]
[Round "4"]
[White "Wang, Harris"]
[Black "Seehagen, Terry"]
[Result "0-1"]
[WhiteElo "1879"]
[BlackElo "1845"]
[PlyCount "84"]
[EventDate "2012.04.07"]
[EventType "swiss"]
[EventRounds "5"]
[EventCountry "CAN"]
[SourceTitle "EXT 2022"]
[Source "ChessBase"]
[SourceDate "2021.10.06"]
[SourceVersion "1"]
[SourceVersionDate "2021.10.06"]
[SourceQuality "1"]

1. e4 d5 2. exd5 Nf6 3. Bb5+ Bd7 4. Bxd7+ Qxd7 5. c4 c6 6. Nc3 cxd5 7. Nxd5 Nxd5 8. cxd5 Qxd5 9. Nf3 g6 10. 0-0 Bg7 11. a3 0-0 12. Qe2 e5 13. d3 Nd7 14. Rd1 Nc5 15. Bg5 Nb3 16. Rab1 Rfe8 17. Nd2 e4 18. Nxb3 exd3 19. Rxd3 Qxg5 20. Qd2 Qh5 21. Nd4 Rac8 22. h3 Red8 23. Nf3 Bf6 24. Rxd8+ Rxd8 25. Qe3 Qf5 26. Re1 Bxb2 27. Qxa7 b5 28. Qe7 Rd3 29. a4 Bc3 30. Re3 Rd1+ 31. Kh2 b4 32. a5 Ra1 33. Kg3 Rxa5 34. Qd8+ Kg7 35. Re8 Qf6 36. Rg8+ Kh6 37. Qf8+ Kh5 38. Kh2 Be5+ 39. Kh1 Ra1+ 40. Ng1 Qxf2 41. g4+ Kh4 42. Qd8+ Bf6 0-1

[Event "Edmonton Summer op"]
[Site "Edmonton"]
[Date "2009.06.11"]
[Round "2"]
[White "Seehagen, Terry"]
[Black "Yamach, Ahmet"]
[Result "0-1"]
[WhiteElo "1749"]
[BlackElo "1895"]
[PlyCount "72"]
[EventDate "2009.06.04"]
[EventType "swiss"]
[EventRounds "5"]
[EventCountry "CAN"]
[SourceTitle "EXT 2011"]
[Source "ChessBase"]
[SourceDate "2010.11.26"]
[SourceVersion "1"]
[SourceVersionDate "2010.11.26"]
[SourceQuality "1"]

1. e4 c6 2. d4 d5 3. Nc3 dxe4 4. Nxe4 Bf5 5. Ng3 Bg6 6. Nh3 e6 7. Nf4 Bd6 8. Nxg6 hxg6 9. Ne4 Be7 10. Bf4 Nf6 11. Nxf6+ gxf6 12. h3 Bd6 13. Qf3 Bxf4 14. Qxf4 g5 15. Qe3 Nd7 16. f4 g4 17. f5 Qe7 18. 0-0-0 0-0-0 19. d5 cxd5 20. Qxa7 gxh3 21. Rd3 d4 22. Rxd4 Ne5 23. Rxd8+ Qxd8 24. gxh3 Nc6 25. Qc5 Qd4 26. Qxd4 Nxd4 27. Bd3 e5 28. c3 Nc6 29. Bc4 Rh7 30. Bd5 Ne7 31. Be4 Kc7 32. h4 Rh5 33. Kd2 b6 34. Kd3 Nc8 35. Kc4 Nd6+ 36. Kd5 Rh8 0-1

[Event "Edmonton-ch Reserves"]
[Site "Edmonton"]
[Date "2009.01.22"]
[Round "3"]
[White "Yamach, Ahmet"]
[Black "Seehagen, Terry"]
[Result "1-0"]
[WhiteElo "1915"]
[BlackElo "1700"]
[PlyCount "97"]
[EventDate "2009.01.08"]
[EventType "swiss"]
[EventRounds "7"]
[EventCountry "CAN"]
[SourceTitle "EXT 2011"]
[Source "ChessBase"]
[SourceDate "2010.11.26"]
[SourceVersion "1"]
[SourceVersionDate "2010.11.26"]
[SourceQuality "1"]

1. c4 e5 2. Nc3 b6 3. d3 f5 4. Nf3 Nc6 5. g3 Bb4 6. Bg2 Nf6 7. Nxe5 Nxe5 8. Bxa8 c6 9. Bf4 Nf7 10. Qa4 a5 11. a3 Bxc3+ 12. bxc3 0-0 13. Bxc6 dxc6 14. Qxc6 Bd7 15. Qc7 Qe8 16. Kd2 Bc6 17. f3 Qe6 18. Qxb6 Re8 19. Rhe1 g5 20. Be3 Nd7 21. Qa7 Ra8 22. Qd4 Rd8 23. Qa7 Nde5 24. Bd4 Bxf3 25. Rab1 Bh5 26. Rb8 Rxb8 27. Qxb8+ Kg7 28. Qb6 Qe7 29. Qxa5 h6 30. Qb4 Qe8 31. a4 Kh7 32. Qb5 Qe7 33. c5 Nd8 34. Bxe5 Qxe5 35. Qd7+ Nf7 36. c6 f4 37. Qd4 Qe6 38. Qe4+ Qxe4 39. dxe4 fxg3 40. hxg3 Bg4 41. c7 Nd6 42. Kd3 Ne8 43. Rb1 Kg6 44. Rb7 Kf6 45. a5 Ke5 46. a6 Bc8 47. Ke3 Kd6 48. Rb8 Kxc7 49. a7 1-0

[Event "Edmonton Halloween op"]
[Site "Edmonton"]
[Date "2008.10.02"]
[Round "1"]
[White "Seehagen, Terry"]
[Black "Borger, Rocky"]
[Result "1-0"]
[WhiteElo "1658"]
[BlackElo "1350"]
[PlyCount "107"]
[EventDate "2008.10.02"]
[EventType "swiss"]
[EventRounds "5"]
[EventCountry "CAN"]
[SourceTitle "EXT 2011"]
[Source "ChessBase"]
[SourceDate "2010.11.26"]
[SourceVersion "1"]
[SourceVersionDate "2010.11.26"]
[SourceQuality "1"]

1. d4 d5 2. c4 Nf6 3. cxd5 Qxd5 4. Nc3 Qh5 5. Nf3 Bg4 6. Ne5 Nc6 7. Nxc6 bxc6 8. f3 Bc8 9. e4 a5 10. Qb3 Nd7 11. Bf4 e5 12. dxe5 Nxe5 13. 0-0-0 Bd6 14. Bxe5 Qxe5 15. g3 Qe6 16. Bc4 Qh6+ 17. Kb1 0-0 18. h4 Be6 19. Bxe6 fxe6 20. f4 Bb4 21. Rd7 Rab8 22. Ne2 Be1 23. Qc4 Rb4 24. Qxc6 Rfb8 25. Rxe1 Rxb2+ 26. Ka1 Qf6 27. e5 Qf5 28. Rd8+ Rxd8 29. Kxb2 Rd2+ 30. Kc1 Rxa2 31. Qe8+ Qf8 32. Qxf8+ Kxf8 33. Nd4 Kf7 34. Re2 Ra3 35. Rc2 Rxg3 36. Rxc7+ Kg6 37. Nxe6 Kh6 38. Ra7 Ra3 39. Nxg7 a4 40. Ne6 Rh3 41. Ng5 Rc3+ 42. Kd2 Rc4 43. Rxh7+ Kg6 44. Ke3 a3 45. Ra7 Rc3+ 46. Kd4 Rg3 47. Ke4 Kh5 48. e6 Rb3 49. e7 Rb8 50. Rxa3 Kxh4 51. Re3 Kg4 52. Kd5 Re8 53. Nh7 Kf5 54. Re6 1-0

[Event "Edmonton Back To School op"]
[Site "Edmonton"]
[Date "2008.09.11"]
[Round "2"]
[White "Seehagen, Terry"]
[Black "Mendryk, Wayne"]
[Result "1-0"]
[WhiteElo "1634"]
[BlackElo "1444"]
[PlyCount "87"]
[EventDate "2008.09.04"]
[EventType "swiss"]
[EventRounds "4"]
[EventCountry "CAN"]
[SourceTitle "EXT 2011"]
[Source "ChessBase"]
[SourceDate "2010.11.26"]
[SourceVersion "1"]
[SourceVersionDate "2010.11.26"]
[SourceQuality "1"]

1. e4 c5 2. d4 cxd4 3. c3 dxc3 4. Nxc3 Nc6 5. Nf3 d6 6. Bc4 Nf6 7. 0-0 Bg4 8. Qb3 e6 9. Qxb7 Qc8 10. Ba6 Ne7 11. Nb5 Qxb7 12. Nxd6+ Kd7 13. Bxb7 Rb8 14. Rd1 Kc7 15. Bf4 Rxb7 16. Rac1+ Nc6 17. Nxf7+ Kb6 18. Be3+ Kb5 19. Nxh8 Nxe4 20. a4+ Kxa4 21. Rxc6 Rxb2 22. Rc4+ Rb4 23. Rxb4+ Bxb4 24. Rd4 Bf5 25. Ng5 Nc3 26. Rh4 a5 27. Nf3 Ka3 28. Nd4 Kb2 29. Nf7 a4 30. Nxf5 exf5 31. Rxb4+ Kc2 32. Rc4 Kb3 33. Ne5 a3 34. Bd4 Ne2+ 35. Kf1 Nxd4 36. Rxd4 a2 37. Rd1 Kc2 38. Ke2 Kb2 39. Nd3+ Kb3 40. Nc1+ Kb2 41. Nxa2 Kxa2 42. Rd3 Kb2 43. Kd2 g5 44. Rd5 1-0

[Event "Edmonton Ottosen op"]
[Site "Edmonton"]
[Date "2008.08.14"]
[Round "2"]
[White "Thompson, Peter"]
[Black "Seehagen, Terry"]
[Result "1-0"]
[WhiteElo "1806"]
[BlackElo "1655"]
[PlyCount "71"]
[EventDate "2008.08.07"]
[EventType "swiss"]
[EventRounds "4"]
[EventCountry "CAN"]
[SourceTitle "EXT 2011"]
[Source "ChessBase"]
[SourceDate "2010.11.26"]
[SourceVersion "1"]
[SourceVersionDate "2010.11.26"]
[SourceQuality "1"]

1. Nf3 d5 2. g3 c5 3. Bg2 Nc6 4. d3 e5 5. Nbd2 f5 6. e4 fxe4 7. dxe4 d4 8. Nc4 Bd6 9. a4 Nf6 10. Qe2 h6 11. 0-0 Be6 12. Nh4 g5 13. Nf5 Bxf5 14. exf5 0-0 15. Nd2 Ne7 16. Qc4+ Kh8 17. Qe6 Qd7 18. Qxd7 Nxd7 19. g4 Rab8 20. Nc4 Bc7 21. Re1 Ng8 22. h3 Ngf6 23. Ra3 Rfe8 24. Bd2 e4 25. b4 Nb6 26. Bf1 Nbd7 27. a5 Bf4 28. b5 Ne5 29. Nxe5 Rxe5 30. Bc1 Rc8 31. Bc4 Re7 32. Be6 Rcc7 33. Bb2 Kh7 34. Ra4 c4 35. Bxd4 c3 36. Bxf6 1-0

[Event "Edmonton Summer op"]
[Site "Edmonton"]
[Date "2008.06.05"]
[Round "1"]
[White "Seehagen, Terry"]
[Black "Thompson, Peter"]
[Result "1-0"]
[WhiteElo "1637"]
[BlackElo "1760"]
[PlyCount "67"]
[EventDate "2008.05.06"]
[EventType "swiss"]
[EventRounds "4"]
[EventCountry "CAN"]
[SourceTitle "EXT 2011"]
[Source "ChessBase"]
[SourceDate "2010.11.26"]
[SourceVersion "1"]
[SourceVersionDate "2010.11.26"]
[SourceQuality "1"]

1. e4 c5 2. d4 cxd4 3. c3 Nf6 4. e5 Nd5 5. Nf3 e6 6. cxd4 d6 7. a3 dxe5 8. dxe5 Bc5 9. Qc2 Bb6 10. Bd3 h6 11. 0-0 0-0 12. Nbd2 Nc6 13. Nc4 Bc7 14. Re1 Qd7 15. Re4 Rd8 16. Rg4 f5 17. Rg3 Kf8 18. Nh4 g5 19. Qe2 Qf7 20. Nf3 Nf4 21. Bxf4 gxf4 22. Rh3 Qg7 23. Re1 Rd5 24. a4 b6 25. Rh5 Bd7 26. Rh4 Rd8 27. Rxf4 Be8 28. Be4 Nd4 29. Qe3 Nxf3+ 30. Bxf3 Rd3 31. Qe2 Qg5 32. g3 Bxa4 33. Nd6 Bc2 34. Qxc2 1-0

[Event "Edmonton Heritage op"]
[Site "Edmonton"]
[Date "2007.08.01"]
[Round "1"]
[White "Hughey, Micah"]
[Black "Seehagen, Terry"]
[Result "1-0"]
[WhiteElo "2067"]
[BlackElo "1696"]
[PlyCount "109"]
[EventDate "2007.08.01"]
[EventType "swiss"]
[EventRounds "5"]
[EventCountry "CAN"]
[SourceTitle "EXT 2022"]
[Source "ChessBase"]
[SourceDate "2021.10.06"]
[SourceVersion "1"]
[SourceVersionDate "2021.10.06"]
[SourceQuality "1"]

1. d4 Nf6 2. Nf3 d6 3. Nbd2 Bf5 4. Nh4 Bd7 5. e4 a6 6. Bd3 e5 7. dxe5 dxe5 8. Nhf3 Nc6 9. Nc4 Bg4 10. h3 Bh5 11. g4 Nxg4 12. hxg4 Bxg4 13. Ne3 Be6 14. Bd2 f6 15. Qe2 Qd7 16. Bc4 0-0-0 17. Bxe6 Qxe6 18. Qc4 Qxc4 19. Nxc4 Bc5 20. Be3 Bxe3 21. Nxe3 h6 22. Ke2 g5 23. c3 Ne7 24. Rh5 Ng6 25. Ng2 Rde8 26. Rah1 Nf4+ 27. Nxf4 exf4 28. Nd2 f5 29. Kf3 fxe4+ 30. Nxe4 Rhf8 31. Re1 Re6 32. c4 Kd8 33. Rd1+ Ke7 34. Nc3 Rf5 35. Nd5+ Kf7 36. Kg4 Kg6 37. Rd2 f3 38. Rxh6+ Kxh6 39. Kxf5 Re2 40. Rd3 Rxf2 41. b4 Kh5 42. a4 Kh4 43. Nf6 g4 44. Nxg4 Rg2 45. Rxf3 Rxg4 46. Rf4 Rxf4+ 47. Kxf4 c6 48. b5 cxb5 49. cxb5 axb5 50. axb5 b6 51. Ke5 Kg5 52. Kd6 Kf6 53. Kc6 Ke6 54. Kxb6 Kd6 55. Ka7 1-0

[Event "Canadian op"]
[Site "Edmonton"]
[Date "2005.07.16"]
[Round "9"]
[White "Seehagen, Terry"]
[Black "MacFarlane, Donald"]
[Result "0-1"]
[WhiteElo "1608"]
[BlackElo "1479"]
[PlyCount "31"]
[EventDate "2005.07.09"]
[EventType "swiss"]
[EventRounds "10"]
[EventCountry "CAN"]
[SourceTitle "CBM 107 Extra"]
[Source "ChessBase"]
[SourceDate "2005.09.01"]
[SourceVersion "1"]
[SourceVersionDate "2005.09.01"]
[SourceQuality "1"]

1. d4 Nf6 2. Nf3 g6 3. Bg5 Bg7 4. Nbd2 d6 5. e4 0-0 6. Bc4 c6 7. e5 dxe5 8. dxe5 Nd5 9. a3 Nd7 10. Qe2 h6 11. h4 hxg5 12. hxg5 Nf4 13. Qe4 Nd5 14. Qh4 f5 15. Bxd5+ cxd5 16. e6 0-1

[Event "Canadian op"]
[Site "Edmonton"]
[Date "2005.07.15"]
[Round "8"]
[White "Tuason, Alfred"]
[Black "Seehagen, Terry"]
[Result "0-1"]
[WhiteElo "1356"]
[BlackElo "1608"]
[PlyCount "68"]
[EventDate "2005.07.09"]
[EventType "swiss"]
[EventRounds "10"]
[EventCountry "CAN"]
[SourceTitle "CBM 107 Extra"]
[Source "ChessBase"]
[SourceDate "2005.09.01"]
[SourceVersion "1"]
[SourceVersionDate "2005.09.01"]
[SourceQuality "1"]

1. e4 d5 2. exd5 Nf6 3. Nc3 e5 4. dxe6 Bxe6 5. Nf3 Bd6 6. h3 Qe7 7. Be2 Nc6 8. 0-0 0-0-0 9. d3 h6 10. Be3 Nd5 11. Nxd5 Bxd5 12. c4 Be6 13. a3 g5 14. g4 Bf4 15. Qa4 Bxe3 16. fxe3 h5 17. Nh2 hxg4 18. Bxg4 Bxg4 19. Nxg4 Rxh3 20. Qd1 Qe6 21. Rf6 Rg3+ 22. Kf2 Qxg4 23. Qxg4+ Rxg4 24. d4 Rh4 25. Rg1 Rh2+ 26. Rg2 Rxg2+ 27. Kxg2 Rf8 28. Kg3 Na5 29. c5 Nc4 30. Rf3 Nxb2 31. Kg4 f6 32. e4 Re8 33. Re3 Nc4 34. Rc3 Rxe4+ 0-1

[Event "Canadian op"]
[Site "Edmonton"]
[Date "2005.07.14"]
[Round "7"]
[White "Seehagen, Terry"]
[Black "Chi, Megan"]
[Result "0-1"]
[WhiteElo "1608"]
[BlackElo "1502"]
[PlyCount "56"]
[EventDate "2005.07.09"]
[EventType "swiss"]
[EventRounds "10"]
[EventCountry "CAN"]
[SourceTitle "CBM 107 Extra"]
[Source "ChessBase"]
[SourceDate "2005.09.01"]
[SourceVersion "1"]
[SourceVersionDate "2005.09.01"]
[SourceQuality "1"]

1. e4 c5 2. d4 cxd4 3. c3 dxc3 4. Nf3 Nc6 5. Nxc3 d6 6. Bc4 Nf6 7. Ng5 e6 8. 0-0 Be7 9. Be3 0-0 10. f4 h6 11. Nf3 a6 12. Qe2 b5 13. Bb3 Na5 14. Bc2 Bb7 15. Rad1 Qc7 16. Qd3 Qc4 17. e5 Qxd3 18. Rxd3 dxe5 19. Nxe5 Rac8 20. b3 b4 21. Nd7 Rfe8 22. Bb6 Rxc3 23. Rc1 Rxd3 24. Nxf6+ Bxf6 25. Bxd3 Nc6 26. Be4 Rc8 27. Rc4 Ba8 28. Kf1 Ne7 0-1

[Event "Canadian op"]
[Site "Edmonton"]
[Date "2005.07.10"]
[Round "3"]
[White "Seehagen, Terry"]
[Black "Taylor, William"]
[Result "0-1"]
[WhiteElo "1608"]
[BlackElo "1900"]
[PlyCount "92"]
[EventDate "2005.07.09"]
[EventType "swiss"]
[EventRounds "10"]
[EventCountry "CAN"]
[SourceTitle "CBM 107 Extra"]
[Source "ChessBase"]
[SourceDate "2005.09.01"]
[SourceVersion "1"]
[SourceVersionDate "2005.09.01"]
[SourceQuality "1"]

1. d4 Nf6 2. Nf3 d5 3. Bg5 e6 4. Nbd2 Be7 5. e3 b6 6. Bb5+ c6 7. Bd3 c5 8. c3 c4 9. Bc2 0-0 10. Ne5 Nfd7 11. Bxe7 Qxe7 12. Qh5 g6 13. Qh6 Nxe5 14. dxe5 f6 15. f4 fxe5 16. fxe5 Qg7 17. Qg5 Nc6 18. Nf3 Ne7 19. 0-0-0 Bd7 20. e4 h6 21. Qg3 Qf7 22. Qh3 Kg7 23. Rhf1 Rad8 24. Nd2 Qg8 25. Rf3 Rxf3 26. gxf3 Qf7 27. Qg4 Rf8 28. exd5 Nxd5 29. Nxc4 Qf4+ 30. Qxf4 Rxf4 31. Nd2 Ne3 32. Rg1 Nxc2 33. Kxc2 Bc6 34. Rg4 Rf5 35. f4 Rh5 36. h4 Rf5 37. c4 h5 38. Rg3 Rxf4 39. Rh3 Rf5 40. Re3 g5 41. hxg5 Kg6 42. b4 Rxg5 43. Kb3 h4 44. Rh3 Rg3+ 45. Rxg3+ hxg3 46. b5 Bb7 0-1